| 000 | 00413nam a22001577a 4500 | ||
|---|---|---|---|
| 005 | 20251108174757.0 | ||
| 008 | 250721s2007 xx 000 0 ara d | ||
| 082 | 1 | 4 | _a004/سود |
| 100 | 1 | _aسودة، عابد | |
| 245 | 1 | 0 | _aالكمبيوتر للمبتدئ / |
| 264 | 1 |
_aحلب : _bشعاع للنشر، _c2007. |
|
| 300 | _a359ص. | ||
| 650 | 1 | 7 | _aالحواسيب |
| 942 |
_2ddc _cBK |
||
| 999 |
_c117775 _d117775 |
||